Statistics for Fill In The Blanks #1

Click here to take the quiz!

General Stats

  • This quiz has been taken 30 times
  • The average score is 4 of 6

Answer Stats

Released inMovieAnswer% Correct
1990T_y S_o_yToy Story
100%
1998A B_g'_ L_f_A Bug's Life
76%
2021L_c_Luca
60%
2023E_e_e_t_lElemental
48%
2020R_y_ _n_ t_e _a_t _r_g_nRaya and the Last Dragon
40%
2020S_u_Soul
40%

Score Distribution

Percentile by Number Answered

Percent of People with Each Score

Your Score History

You have not taken this quiz